000 00315nam a22001457a 4500
003 SGT
020 _a978-81-89986-01-3
082 _a615.53
_bD18N
100 _aNISHTESWAR,K.
245 _aDRAVYAGUNA SAMHITA
260 _aVARANASI
_bCHAUKHAMBA PUB
_c2018
300 _a902
650 _aAYURVEDA
942 _2ddc
_cBK
999 _c16769
_d16769